000 00416nam a2200145Ia 4500
008 100204s9999 xx 000 0 und d
082 _b18057
100 _aवाळिंबे शरदचंद्र्र
245 _aरोजा
260 _b"शांती पब्लिकेशन , पुणे"
_c1994
300 _a272
630 _aरोजा
730 _aरोजा
942 _cBOOK
999 _c462480
_d462477